| 000 | 00647nam a2200229 u 4500 | ||
|---|---|---|---|
| 005 | 20240806063801.0 | ||
| 008 | 090527s2006 r 000 0 eng d | ||
| 020 | _a9875900079 | ||
| 035 | _aUPN01000170696 | ||
| 049 | _aCG | ||
| 050 | 4 |
_aPQ7797 E3 _bC3.8 2006 |
|
| 100 | 1 |
_aEcheverrÃa, Esteban, _d1805-1851 |
|
| 245 | 1 | 3 |
_aLa cautiva ; El matadero / _cEsteban Echeverria. |
| 250 | _a3a ed. | ||
| 260 |
_aBuenos Aires : _bColihue, _c2006. |
||
| 300 |
_a153 p. : _bil. |
||
| 440 | 0 |
_aLeer y crear ; _v7 |
|
| 501 | _aPublicado con: El matadero | ||
| 650 | 4 |
_aPOESIA ARGENTINA _91221 |
|
| 650 | 4 |
_aCuentos argentinos _912203 |
|
| 905 | _aLibro | ||
| 999 |
_c142801 _d142801 |
||